Fundamentals of electric circuits, 2nd ed. (Record no. 6918)

MARC details
000 -LEADER
fixed length control field 00749nam a22002057a 4500
003 - CONTROL NUMBER IDENTIFIER
control field OSt
005 - DATE AND TIME OF LATEST TRANSACTION
control field 20251205030129.0
008 - FIXED-LENGTH DATA ELEMENTS--GENERAL INFORMATION
fixed length control field 251205b |||||||| |||| 00| 0 eng d
020 ## - INTERNATIONAL STANDARD BOOK NUMBER
International Standard Book Number 0-07-246331-7
040 ## - CATALOGING SOURCE
Original cataloging agency DWC-Main lib
Transcribing agency OC
082 ## - DEWEY DECIMAL CLASSIFICATION NUMBER
Edition number 2nd edition
Classification number Circ. 621.319 Al375 2004
100 ## - MAIN ENTRY--PERSONAL NAME
Personal name Sadiku, M.
245 ## - TITLE STATEMENT
Title Fundamentals of electric circuits, 2nd ed.
Statement of responsibility, etc. Sadiku, Matthew N.
250 ## - EDITION STATEMENT
Edition statement 2nd edition
260 ## - PUBLICATION, DISTRIBUTION, ETC.
Place of publication, distribution, etc. N.Y. :
Name of publisher, distributor, etc. McGraw-Hill Companies Inc.,
Date of publication, distribution, etc. c2004
300 ## - PHYSICAL DESCRIPTION
Extent xviii, 904 pages ;
Other physical details colores illustration ;
Dimensions 25 cm.
504 ## - BIBLIOGRAPHY, ETC. NOTE
Bibliography, etc. note Includes bibliographical references and index.<br/>
650 ## - SUBJECT ADDED ENTRY--TOPICAL TERM
Source of heading or term Electric circuits.
942 ## - ADDED ENTRY ELEMENTS (KOHA)
Source of classification or shelving scheme Dewey Decimal Classification
Koha item type Book Circulation
Edition 2nd edition
Classification part Circ. 621.319 Al375 2004
Call number prefix Circ.
Suppress in OPAC No
952 ## - LOCATION AND ITEM INFORMATION (KOHA)
--
Holdings
Withdrawn status Lost status Source of classification or shelving scheme Damaged status Not for loan Home library Current library Shelving location Date acquired Source of acquisition Cost, normal purchase price Total Checkouts Full call number Barcode Date last seen Copy number Price effective from Koha item type Uniform Resource Identifier
    Dewey Decimal Classification     College Library College Library Circulation 08/11/2005 School Fund 595.00   Circ. 621.319 Al375 2004 CL42243 12/05/2025 c1 12/05/2025 BK-CIRC